[Event "9th Sunway Sitges 2022"]
[Site "Sitges ESP"]
[Date "2022.12.15"]
[Round "4.98"]
[White "Nawin, J J"]
[Black "Sarveshwaran V"]
[Result "1-0"]
[WhiteTitle "FM"]
[WhiteElo "2351"]
[BlackElo "2040"]
[WhiteFideId "45031231"]
[BlackFideId "25699016"]
[EventDate "2022.12.12"]

1. e4 e6 2. Qe2 c5 3. Nf3 Nc6 4. c3 e5 5. g3 g6 6. Bg2 Bg7 7. O-O Nge7 8. Nh4
O-O 9. d3 d5 10. f4 f5 11. Nd2 Re8 12. fxe5 Nxe5 13. exd5 Nxd5 14. Nb3 Nc7 15.
Nxc5 Rb8 16. d4 b6 17. dxe5 bxc5 18. Rd1 Qe7 19. Nf3 Ba6 20. Qf2 Ne6 21. Be3 g5
22. Rd6 Bb7 23. Rad1 f4 24. gxf4 gxf4 25. Bc1 Kh8 26. Rd7 Rbd8 27. Rxd8 Rxd8 28.
Rxd8+ Qxd8 29. Qd2 Qe8 30. Qd6 h6 31. Qd3 Qa4 32. Nh4 Bxg2 33. Kxg2 c4 34. Qe4
Qd1 35. Ng6+ Kg8 36. Nxf4 Ng5 37. Qd5+ Qxd5+ 38. Nxd5 Ne6 39. Kf3 Nc5 40. Be3
Nd3 41. e6 a5 42. b3 h5 43. Bg5 Ne5+ 44. Kf4 cxb3 45. e7 b2 46. e8=Q+ Kh7 47.
Qxh5+ Kg8 48. Ne7+ Kf8 49. Qd1 Nc4 50. Ng6+ Kg8 51. Ne7+ Kf8 52. Qd8+ Kf7 53.
Qg8# 1-0

[Event "9th Sunway Sitges 2022"]
[Site "Sitges ESP"]
[Date "2022.12.15"]
[Round "4.99"]
[White "Cordova-Lopez, Diego Anton"]
[Black "Vogt, Lothar"]
[Result "0-1"]
[BlackTitle "GM"]
[WhiteElo "1985"]
[BlackElo "2339"]
[WhiteFideId "459313"]
[BlackFideId "4611292"]
[EventDate "2022.12.12"]

1. e4 c5 2. Nf3 Nc6 3. d4 cxd4 4. Nxd4 Nf6 5. Nc3 d6 6. Bg5 e6 7. Bb5 Bd7 8.
Bxc6 bxc6 9. Qf3 Qb6 10. O-O-O Be7 11. Qg3 e5 12. Nf3 h6 13. Bxf6 gxf6 14. Nd2
Be6 15. f4 exf4 16. Qxf4 Qa5 17. Nb3 Qg5 18. g3 O-O-O 19. Rhf1 Qxf4+ 20. gxf4
Rhg8 21. Nd4 Kc7 22. f5 Bc4 23. Rf2 h5 24. b3 Ba6 25. Kb2 Bf8 26. Nde2 Bh6 27.
Ng3 h4 28. Nh5 Bg5 29. Nf4 Rge8 30. h3 Re5 31. a4 d5 32. exd5 Rxf5 33. Rd4 c5
34. Re4 Kd6 35. Nd3 Rxf2 36. Nxf2 f5 37. Re1 Bf6 38. Nd1 Rg8 39. Kc1 Rg3 40.
Nb5+ Bxb5 41. axb5 Kxd5 42. Nf2 Bd4 43. Nd3 Be3+ 44. Kd1 Rxh3 45. Ke2 f4 46. Ra1
Rh2+ 47. Kf3 Rxc2 48. Rxa7 Rc3 49. Nxf4+ Bxf4+ 50. Kxf4 Rxb3 51. Rxf7 Rxb5 52.
Ke3 h3 53. Kd3 Rb3+ 54. Kc2 Rg3 55. Rf5+ Kd4 56. Rh5 c4 57. Rh4+ Ke3 0-1

[Event "9th Sunway Sitges 2022"]
[Site "Sitges ESP"]
[Date "2022.12.15"]
[Round "4.100"]
[White "Reprintsev, Alexander"]
[Black "Schmuck, Corentin"]
[Result "1-0"]
[WhiteTitle "IM"]
[WhiteElo "2330"]
[BlackElo "2040"]
[WhiteFideId "14100541"]
[BlackFideId "20669569"]
[EventDate "2022.12.12"]

1. e4 e6 2. d4 d5 3. Nc3 Bb4 4. Ne2 dxe4 5. a3 Bxc3+ 6. Nxc3 Nc6 7. Bb5 Ne7 8.
Bg5 f6 9. Be3 O-O 10. Qd2 f5 11. O-O-O a6 12. Bxc6 Nxc6 13. f3 exf3 14. gxf3 e5
15. d5 Ne7 16. Rhg1 f4 17. Bc5 b6 18. d6 bxc5 19. dxe7 Qxe7 20. Qd5+ Be6 21.
Qxe5 Rae8 22. Ne4 Bf5 23. Qxe7 Rxe7 24. Nxc5 Re3 25. Rgf1 Rf6 26. Rf2 Rc6 27.
Rd5 g6 28. a4 Kf7 29. b4 a5 30. b5 Be6 31. Nxe6 Kxe6 32. Rd4 Ke5 33. Rd7 Rc4 34.
Rxh7 Rd3 35. Re2+ Kf5 36. Rf7+ Kg5 37. h4+ Kxh4 38. Rg2 Rc5 39. Rg4+ Kh3 40.
Rxg6 Rh5 41. Rxf4 Rh4 42. Rxh4+ Kxh4 43. Rg4+ Kh5 44. Rc4 Rxf3 45. Rxc7 Rf4 46.
c4 1-0

[Event "9th Sunway Sitges 2022"]
[Site "Sitges ESP"]
[Date "2022.12.15"]
[Round "4.101"]
[White "Saveljevs, Aleksandrs"]
[Black "Karavade, Eesha"]
[Result "0-1"]
[BlackTitle "IM"]
[WhiteElo "1974"]
[BlackElo "2325"]
[WhiteFideId "11601779"]
[BlackFideId "5012600"]
[EventDate "2022.12.12"]

1. e4 c5 2. Nc3 Nc6 3. Bb5 Nd4 4. Nf3 e6 5. O-O a6 6. Bd3 Nc6 7. Re1 g5 8. Kh1
g4 9. Ng1 h5 10. f4 gxf3 11. Nxf3 Nf6 12. Nd5 Ng4 13. Qe2 Bg7 14. Ne3 Qc7 15.
Nf1 Nd4 16. Nxd4 Bxd4 17. g3 Nf2+ 18. Kg2 h4 19. Ne3 hxg3 20. hxg3 Nxd3 21. Qxd3
Rg8 22. Rf1 Be5 23. Rb1 b5 24. b4 Bb7 25. bxc5 f5 26. Nc4 fxe4 27. Qe3 Bf4 28.
Qc3 e3+ 29. Kh3 Bxg3 30. dxe3 Be1 31. Qxe1 Bg2+ 32. Kh4 Qd8+ 0-1

[Event "9th Sunway Sitges 2022"]
[Site "Sitges ESP"]
[Date "2022.12.15"]
[Round "4.102"]
[White "Enkhtuul, Altan-Ulzii"]
[Black "Boixader Arbo, Xavier"]
[Result "1-0"]
[WhiteTitle "WGM"]
[WhiteElo "2285"]
[BlackElo "2039"]
[WhiteFideId "4901444"]
[BlackFideId "32067305"]
[EventDate "2022.12.12"]

1. d4 Nf6 2. Bf4 g6 3. Nc3 d5 4. e3 Bg7 5. h4 h5 6. Nf3 O-O 7. Be2 c5 8. Qd2
cxd4 9. exd4 Nc6 10. Ne5 Qb6 11. Nxc6 Qxc6 12. O-O Bf5 13. Be5 a6 14. Bf3 Rfd8
15. Rac1 Rac8 16. a3 b5 17. Na2 Ne4 18. Bxe4 dxe4 19. Nb4 Qb6 20. Bxg7 Kxg7 21.
c3 e5 22. Nc2 exd4 23. Nxd4 Qf6 24. Qf4 Rc4 25. Rcd1 Re8 26. Rde1 Re5 27. Re3
Rd5 28. Rfe1 Kh7 29. Rxe4 Kg7 30. Re8 Rcxd4 31. cxd4 Rxd4 32. Qb8 Qxh4 33. Rg8+
Kh6 34. Qf8+ Kg5 35. g3 Rg4 36. Qe7+ f6 37. f4+ 1-0

[Event "9th Sunway Sitges 2022"]
[Site "Sitges ESP"]
[Date "2022.12.15"]
[Round "4.103"]
[White "Pousada Garcia, Daniel"]
[Black "Domene Mulyukov, Alexander"]
[Result "1-0"]
[BlackTitle "FM"]
[WhiteElo "1960"]
[BlackElo "2271"]
[WhiteFideId "2278642"]
[BlackFideId "24589802"]
[EventDate "2022.12.12"]

1. e4 c5 2. Nf3 e6 3. c3 d5 4. exd5 Qxd5 5. d4 Nf6 6. Be2 Be7 7. O-O O-O 8. Na3
Nc6 9. Nb5 Qd8 10. dxc5 Bxc5 11. Bg5 a6 12. Nbd4 Nxd4 13. Nxd4 e5 14. Nb3 Bd6
15. Bf3 Qe7 16. Nd2 Rd8 17. Ne4 Bc7 18. Qe2 Bf5 19. Rfe1 Rd7 20. Bxf6 gxf6 21.
Ng3 Bd3 22. Qe3 Rd6 23. Be4 Bb6 24. Nf5 Bxe3 25. Nxe7+ Kf8 26. Nf5 Bxe4 27. Nxd6 1-0

[Event "9th Sunway Sitges 2022"]
[Site "Sitges ESP"]
[Date "2022.12.15"]
[Round "4.104"]
[White "Ribera Veganzones, Serni"]
[Black "Comellas Blanchart, Jordi"]
[Result "1-0"]
[WhiteTitle "CM"]
[WhiteElo "2199"]
[BlackElo "2034"]
[WhiteFideId "6900860"]
[BlackFideId "2291096"]
[EventDate "2022.12.12"]

1. e4 c5 2. Nf3 d6 3. d4 cxd4 4. Nxd4 Nf6 5. Nc3 Nc6 6. Bg5 e6 7. Qd2 a6 8.
O-O-O Bd7 9. f4 Be7 10. Nf3 b5 11. Bxf6 gxf6 12. Kb1 Qb6 13. f5 O-O-O 14. a3 Kb8
15. Nd4 Nxd4 16. Qxd4 Qxd4 17. Rxd4 Bc6 18. Be2 h5 19. a4 e5 20. Rd2 b4 21. Nd5
Bxd5 22. Rxd5 Kb7 23. Rhd1 Rc8 24. R1d3 Rc4 25. Re3 Rd4 26. Rxd4 exd4 27. Rh3 h4
28. g3 d5 29. exd5 Bd6 30. Rxh4 Rxh4 31. gxh4 Bxh2 32. h5 Bf4 33. Ka2 Kb6 34.
Kb3 a5 35. Kc4 Be3 36. b3 Bc1 37. Kxd4 Bd2 38. Bb5 Bf4 39. Be8 Bd2 40. Bxf7 Bf4
41. Kc4 Bd2 42. Be6 Bf4 43. Bg8 Bd2 44. d6 Kc6 45. d7 Kxd7 46. Kb5 Kc7 47. Kxa5
Kb7 48. Kb5 Ka7 49. Kc6 1-0

[Event "9th Sunway Sitges 2022"]
[Site "Sitges ESP"]
[Date "2022.12.15"]
[Round "4.105"]
[White "Kumar, Sanjit S"]
[Black "Ojas, Kulkarni"]
[Result "1/2-1/2"]
[WhiteElo "1965"]
[BlackElo "2196"]
[WhiteFideId "468142"]
[BlackFideId "25040073"]
[EventDate "2022.12.12"]

1. d4 Nf6 2. c4 e6 3. Nc3 Bb4 4. Qc2 b6 5. e4 c5 6. d5 Qe7 7. Be2 exd5 8. exd5
Ba6 9. Be3 O-O 10. h3 Ne4 11. Nf3 Ng3 12. fxg3 Qxe3 13. Qd2 Bxc3 14. bxc3 Qe4
15. Qd3 Re8 16. O-O-O Qg6 17. Qxg6 hxg6 18. Rde1 d6 19. Bd1 Nd7 20. Ba4 Rxe1+
21. Rxe1 Nf6 22. Bc6 Rd8 23. Nd2 Kf8 24. g4 Ng8 25. Ba4 Ne7 26. Bc2 Re8 27. Ba4
Rb8 28. Bc2 Re8 29. Ba4 Rb8 30. Bc2 Re8 1/2-1/2

[Event "9th Sunway Sitges 2022"]
[Site "Sitges ESP"]
[Date "2022.12.15"]
[Round "4.106"]
[White "Patil, Harshal"]
[Black "Cherniack, Alex"]
[Result "0-1"]
[WhiteElo "1928"]
[BlackElo "2188"]
[WhiteFideId "45036756"]
[BlackFideId "2007606"]
[EventDate "2022.12.12"]

1. d4 Nf6 2. c4 g6 3. g3 Bg7 4. Bg2 d5 5. Nf3 O-O 6. O-O dxc4 7. Na3 c3 8. bxc3
c5 9. Rb1 Nc6 10. Ne5 cxd4 11. Nxc6 bxc6 12. cxd4 Bf5 13. Rb4 Rc8 14. Rc4 Qd7
15. Re1 Rfd8 16. Bd2 Bh3 17. Bf3 Be6 18. Ra4 Nd5 19. Nc4 Bxd4 20. Ba5 Nb6 21.
Bxb6 axb6 22. e3 b5 23. exd4 Bxc4 24. Ra6 e6 25. Re4 c5 26. a4 b4 27. Rb6 Qa7
28. a5 Qxa5 29. Rb7 Bd5 30. Re5 Bxb7 31. Bxb7 Rc7 32. Be4 Qb6 33. d5 f6 34. Qg4
fxe5 35. Bxg6 Rg7 36. Qh4 Rxg6 37. Qxd8+ Qxd8 0-1

[Event "9th Sunway Sitges 2022"]
[Site "Sitges ESP"]
[Date "2022.12.15"]
[Round "4.107"]
[White "Nilssen, Ellen Fredericia"]
[Black "Ramos Aguilar, Jose Manuel"]
[Result "1/2-1/2"]
[WhiteTitle "WFM"]
[WhiteElo "2187"]
[BlackElo "2008"]
[WhiteFideId "1441230"]
[BlackFideId "2221390"]
[EventDate "2022.12.12"]

1. d4 Nf6 2. c4 e6 3. Nf3 Bb4+ 4. Bd2 c5 5. g3 Bxd2+ 6. Nbxd2 cxd4 7. Nxd4 O-O
8. Bg2 d5 9. cxd5 exd5 10. O-O Qb6 11. N2b3 Nc6 12. Rc1 Re8 13. Nxc6 bxc6 14.
Qc2 Ba6 15. Rfe1 Bc4 16. e4 Bxb3 17. axb3 Nxe4 18. Bxe4 Rxe4 19. Rxe4 dxe4 20.
Qxe4 Qxb3 21. Qxc6 Rd8 22. Qd7 Qb8 23. Qc7 g6 24. Qxb8 Rxb8 25. Rc7 Rxb2 26.
Rxa7 h5 27. h4 Kg7 28. Kg2 Rc2 29. Rb7 Ra2 30. Rc7 Rb2 1/2-1/2

[Event "9th Sunway Sitges 2022"]
[Site "Sitges ESP"]
[Date "2022.12.15"]
[Round "4.108"]
[White "Levi, Netanel"]
[Black "Ankitha, Goud Palle"]
[Result "1/2-1/2"]
[BlackTitle "WCM"]
[WhiteElo "2179"]
[BlackElo "1980"]
[WhiteFideId "2815400"]
[BlackFideId "35036270"]
[EventDate "2022.12.12"]

1. e4 e6 2. d4 d5 3. Nc3 Nf6 4. e5 Nfd7 5. f4 c5 6. Nf3 Nc6 7. Be3 a6 8. Qd2 b5
9. a3 Bb7 10. Be2 Rc8 11. O-O Qb6 12. Rad1 cxd4 13. Nxd4 Bc5 14. Bf3 Nxd4 15.
Bxd4 Bxd4+ 16. Qxd4 Qxd4+ 17. Rxd4 Nb6 18. Be2 O-O 19. Bd3 f6 20. Re1 Rfe8 21.
Re2 fxe5 22. Rxe5 Nd7 23. Re2 Nc5 24. a4 Nxd3 25. cxd3 Rc5 26. axb5 axb5 27. Rb4
Bc6 28. Re1 Kf7 29. Ra1 Kf6 30. Ra6 Rc8 31. Kf2 h5 32. h4 g6 33. g3 Kf5 34. Ke3
Kg4 35. f5+ Kxg3 36. fxe6 Be8 37. Ne2+ Kh3 38. Ra1 d4+ 39. Rxd4 Re5+ 40. Kf2
Rf5+ 41. Nf4+ Kxh4 42. Ke3 Kg5 43. Ra6 Bc6 44. Ra7 Re8 45. Rd6 Re5+ 46. Kd4 Kxf4
47. Rc7 Rf5 48. Rdxc6 Rxe6 49. Rxe6 Rf7 50. Rxg6 Rd7+ 51. Kc3 h4 52. Rh6 Ke3 53.
Rxh4 Rxc7+ 54. Kb4 Kxd3 55. b3 Rb7 56. Rh8 Kc2 57. Rh2+ Kd3 58. Rh3+ Kc2 59.
Rc3+ Kb2 60. Rc8 Rh7 61. Kxb5 Kxb3 62. Rg8 Rh5+ 63. Kb6 Rh6+ 1/2-1/2

[Event "9th Sunway Sitges 2022"]
[Site "Sitges ESP"]
[Date "2022.12.15"]
[Round "4.109"]
[White "Tudor, Henry Edward"]
[Black "Stanetzek, Carsten"]
[Result "1-0"]
[WhiteElo "1942"]
[BlackElo "2172"]
[WhiteFideId "2409836"]
[BlackFideId "4616634"]
[EventDate "2022.12.12"]

1. d4 d5 2. c4 c6 3. cxd5 cxd5 4. Nc3 Nf6 5. Bf4 Nc6 6. e3 Bf5 7. Qb3 Na5 8.
Qa4+ Bd7 9. Qc2 Rc8 10. Bd3 b5 11. a3 e6 12. Nf3 Be7 13. h3 O-O 14. O-O a6 15.
Ne5 Bc6 16. g4 h6 17. f3 Nc4 18. Qf2 Nd7 19. Nxc4 dxc4 20. Bc2 Bh4 21. Qd2 Qe7
22. Qh2 Bg5 23. Bxg5 hxg5 24. Rad1 Rfd8 25. Kg2 a5 26. Rh1 b4 27. axb4 axb4 28.
Ne4 Nf8 29. h4 gxh4 30. g5 Ng6 31. Ra1 Qc7 32. Qh3 b3 33. Nf6+ Kf8 34. Bxg6 fxg6
35. Ng4 Qa5 36. Qxh4 Ke7 37. Qh7 Rf8 38. Ne5 Qd2+ 39. Kg3 Qxe3 40. Qxg7+ Ke8 41.
Qxg6+ Kd8 42. Raf1 Bd5 43. Qh6 Qf4+ 44. Kg2 Rg8 45. g6 Qxd4 46. Qg5+ Kc7 47.
Qe7+ Kb6 48. Qb4+ Kc7 49. Rh7+ 1-0

[Event "9th Sunway Sitges 2022"]
[Site "Sitges ESP"]
[Date "2022.12.15"]
[Round "4.110"]
[White "Bonoo, Iwan"]
[Black "Baert, Andy"]
[Result "0-1"]
[BlackTitle "FM"]
[WhiteElo "1925"]
[BlackElo "2156"]
[WhiteFideId "1028367"]
[BlackFideId "200107"]
[EventDate "2022.12.12"]

1. d4 Nf6 2. c4 e6 3. Nc3 Bb4 4. Nf3 O-O 5. e3 b6 6. Bd3 Bb7 7. O-O d5 8. Qe2
Nbd7 9. cxd5 exd5 10. Bd2 a6 11. Rac1 Re8 12. Rfd1 Bd6 13. Bb1 Ne4 14. Nxe4 dxe4
15. Ne1 Qh4 16. g3 Qh3 17. Qf1 Qh5 18. Qg2 Nf6 19. Nd3 Bc8 20. Nf4 Qh6 21. h4
Bg4 22. Re1 Bf3 23. Qh3 Bg4 24. Qg2 Rad8 25. Bc2 c5 26. Bc3 Bxf4 27. gxf4 Qxh4
28. dxc5 Bf3 29. Qh2 Qg4+ 30. Qg3 Qh5 31. Qh2 Rd5 32. Bxf6 Qg4+ 33. Qg3 Rh5 0-1

[Event "9th Sunway Sitges 2022"]
[Site "Sitges ESP"]
[Date "2022.12.15"]
[Round "4.111"]
[White "Voiteanu, Gabriel"]
[Black "Chia, Yu Zhe Ashton"]
[Result "1/2-1/2"]
[WhiteTitle "FM"]
[WhiteElo "2152"]
[BlackElo "1970"]
[WhiteFideId "1208810"]
[BlackFideId "5821304"]
[EventDate "2022.12.12"]

1. d4 Nf6 2. c4 e6 3. g3 Bb4+ 4. Bd2 Qe7 5. Bg2 Nc6 6. Nf3 Bxd2+ 7. Nbxd2 d6 8.
e4 a5 9. O-O e5 10. d5 Nb8 11. Ne1 h5 12. h4 O-O 13. Nd3 b6 14. b3 Bg4 15. Bf3
Na6 16. Re1 Nc5 17. Qe2 Qd7 18. a3 Bxf3 19. Qxf3 Qh3 20. b4 Nxd3 21. Qxd3 Ng4
22. Qf3 Qh2+ 23. Kf1 f5 24. Qg2 fxe4 25. Nxe4 axb4 26. Qxh2 Nxh2+ 27. Kg2 Nf3
28. Reb1 Rxa3 29. Rxa3 bxa3 30. Ra1 Nd4 31. Rxa3 Kh7 32. Ra7 Rc8 33. f3 Kg6 34.
g4 Nb3 35. Kg3 Nc5 36. Nc3 hxg4 37. Kxg4 Nd7 38. Nb5 Nf6+ 39. Kg3 Ne8 40. Kg4
Nf6+ 41. Kg3 Ne8 42. Kg4 c6 43. dxc6 Rxc6 44. Ra4 Nf6+ 45. Kg3 Kf5 46. Ra7 Nh5+
47. Kf2 g6 48. Ra8 Ng7 49. Rc8 Rxc8 50. Nxd6+ Kf4 51. Nxc8 e4 52. Nxb6 exf3 53.
c5 Ne6 54. c6 Nc7 55. Nd7 Kg4 56. Ne5+ Kxh4 57. Nxf3+ Kg4 58. Ke3 Kf5 59. Kd4
Ke6 60. Kc5 Na6+ 61. Kb5 Kd6 62. Nd4 Nb8 1/2-1/2

[Event "9th Sunway Sitges 2022"]
[Site "Sitges ESP"]
[Date "2022.12.15"]
[Round "4.112"]
[White "Liu, Tianyi (Jack)"]
[Black "Van Kessel, Wessel"]
[Result "0-1"]
[WhiteElo "1892"]
[BlackElo "2145"]
[WhiteFideId "8627894"]
[BlackFideId "233404"]
[EventDate "2022.12.12"]

1. e4 e6 2. d4 d5 3. Nc3 Be7 4. e5 c5 5. Nf3 Nc6 6. Bb5 Bd7 7. Bxc6 Bxc6 8. Ne2
cxd4 9. Nexd4 h5 10. c3 Nh6 11. h3 Qc7 12. Qe2 Nf5 13. Nxf5 exf5 14. Nd4 Bd7 15.
Bd2 O-O-O 16. O-O-O Qc4 17. Kb1 Bc5 18. Qxc4 dxc4 19. Bf4 Be6 20. f3 Be7 21. Be3
b6 22. Nc6 Rd7 23. Rxd7 Kxd7 24. Nxa7 Kc7 25. Nb5+ Kb7 26. Rd1 g5 27. Nd4 Bc8
28. Bf2 f4 29. Kc1 Bc5 30. Re1 Re8 31. Kd2 Bd7 32. Re2 Kc7 33. Ke1 Bf8 34. Nc2
Bf5 35. Bd4 Bd3 36. Rd2 f6 37. e6 Rxe6+ 38. Kf2 Rd6 39. Nb4 Rxd4 40. Na6+ Kb7
41. cxd4 Kxa6 42. Rd1 f5 43. g3 Bg7 44. d5 fxg3+ 45. Kxg3 Bxb2 46. d6 0-1

[Event "9th Sunway Sitges 2022"]
[Site "Sitges ESP"]
[Date "2022.12.15"]
[Round "4.113"]
[White "Lorscheid, Gerhard"]
[Black "Fernandez Climent, Albert"]
[Result "1-0"]
[WhiteTitle "FM"]
[WhiteElo "2137"]
[BlackElo "1963"]
[WhiteFideId "4606000"]
[BlackFideId "24599166"]
[EventDate "2022.12.12"]

1. d4 Nf6 2. c4 a6 3. f3 c5 4. d5 e6 5. e4 exd5 6. cxd5 d6 7. a4 Nbd7 8. Nh3 Ne5
9. Nf2 Bd7 10. Nc3 Rb8 11. a5 Be7 12. Be2 Qc8 13. O-O O-O 14. h3 Ne8 15. f4 Ng6
16. g4 Bf6 17. Be3 h6 18. Qd2 Nc7 19. e5 dxe5 20. Nfe4 Qd8 21. g5 exf4 22. gxf6
fxe3 23. Qxe3 Nb5 24. fxg7 Kxg7 25. Nf6 Nd4 26. Nce4 Nxe2+ 27. Qxe2 Re8 28.
Nxe8+ Bxe8 29. Qd3 Bb5 30. Qc3+ Kf8 31. Qxc5+ Qe7 32. Qxe7+ Kxe7 33. Rfe1 Nf4
34. d6+ Kd7 35. Rad1 Rg8+ 36. Kf2 Nxh3+ 37. Ke3 Re8 38. Kd4 Rxe4+ 39. Kxe4 Nf2+
40. Kd5 Nxd1 41. Rxd1 Ba4 42. Re1 h5 43. Kc5 Bb3 44. Rh1 Bc2 45. Rxh5 Be4 46.
Re5 f5 47. Re7+ Kc8 48. Kd4 Bf3 49. Rf7 Bg4 50. Ke5 Bh3 51. Rc7+ Kb8 52. Rc3 f4
53. Rxh3 1-0

[Event "9th Sunway Sitges 2022"]
[Site "Sitges ESP"]
[Date "2022.12.16"]
[Round "5.1"]
[White "Grigoryan, Karen H."]
[Black "Niemann, Hans Moke"]
[Result "1/2-1/2"]
[WhiteTitle "GM"]
[BlackTitle "GM"]
[WhiteElo "2619"]
[BlackElo "2698"]
[WhiteFideId "13301004"]
[BlackFideId "2093596"]
[EventDate "2022.12.12"]

1. d4 Nf6 2. c4 e6 3. Nf3 d5 4. Nc3 c5 5. e3 Nc6 6. a3 dxc4 7. Bxc4 a6 8. O-O b5
9. Ba2 Bb7 10. Qe2 cxd4 11. Rd1 b4 12. axb4 Nxb4 13. Bb3 d3 14. Ba4+ Nd7 15. Qf1
Qc7 16. Ne1 Be7 17. Nxd3 Nc6 18. e4 Bd6 19. f4 O-O 20. Be3 Be7 21. Rac1 Rac8 22.
Nd5 Qd8 23. Nxe7+ Qxe7 24. Nc5 Nf6 25. Nxa6 Nxe4 26. Nc5 Nf6 27. Nxb7 Qxb7 28.
Qb5 Qxb5 29. Bxb5 Ne7 30. Bc5 Nfd5 31. b4 Rb8 32. Bf1 Rxb4 33. Bxb4 Nxb4 34. Rd7
Nbd5 35. g3 Nf5 36. Bg2 Nf6 37. Ra7 h5 38. Ra8 Rxa8 39. Bxa8 g6 40. Bf3 Kg7 41.
Kf2 Nd4 42. Bd1 Nf5 43. Rc7 Ng4+ 44. Bxg4 hxg4 45. Ke2 Kf6 46. Kd3 Nd6 47. Rd7
Nf5 48. Rb7 Nd6 49. Ra7 Nf5 50. Kc4 Nd6+ 51. Kc5 Nf5 52. Kc6 Kg7 53. Kd7 Kg8 54.
Ra6 Kg7 55. Ke8 Kg8 56. Rb6 Kg7 57. Rc6 Kg8 58. Rc7 Nh6 59. Ke7 Kg7 60. Ke8 1/2-1/2

[Event "9th Sunway Sitges 2022"]
[Site "Sitges ESP"]
[Date "2022.12.16"]
[Round "5.2"]
[White "Puranik, Abhimanyu"]
[Black "Alekseenko, Kirill"]
[Result "0-1"]
[WhiteTitle "GM"]
[BlackTitle "GM"]
[WhiteElo "2616"]
[BlackElo "2672"]
[WhiteFideId "5061245"]
[BlackFideId "4135539"]
[EventDate "2022.12.12"]

1. e4 e5 2. Nf3 Nc6 3. Bb5 a6 4. Ba4 Nf6 5. O-O d6 6. Re1 Bd7 7. c3 g6 8. d4 Bg7
9. h3 O-O 10. Bc2 Re8 11. Bd2 Kh8 12. a4 Ng8 13. d5 Nce7 14. c4 Rf8 15. a5 f5
16. Bb4 fxe4 17. Nfd2 e3 18. Rxe3 Nf5 19. Re1 Nd4 20. Ne4 Qh4 21. Ra3 Nf6 22.
Nbc3 Bg4 23. Qd3 Bf5 24. Qd1 Bh6 25. Bb1 Bxh3 26. gxh3 Nh5 27. Ne2 Nf3+ 28. Kg2
Ng5 29. Qc2 Nxe4 30. Qxe4 Rxf2+ 31. Kh1 Bf4 32. Nxf4 Ng3+ 33. Rxg3 Qxg3 34. Ng2
Raf8 35. Bd3 R8f4 36. Bc3 Rxe4 37. Bxe4 Qxh3+ 38. Kg1 Qg3 39. c5 h5 40. cxd6
cxd6 41. Rd1 Re2 42. Re1 Rxe1+ 43. Bxe1 Qg4 0-1

[Event "9th Sunway Sitges 2022"]
[Site "Sitges ESP"]
[Date "2022.12.16"]
[Round "5.3"]
[White "Samant, Aditya S"]
[Black "Karthikeyan, Murali"]
[Result "0-1"]
[WhiteTitle "IM"]
[BlackTitle "GM"]
[WhiteElo "2470"]
[BlackElo "2620"]
[WhiteFideId "35080580"]
[BlackFideId "5074452"]
[EventDate "2022.12.12"]

1. e4 e5 2. Nf3 Nc6 3. Bb5 a6 4. Ba4 Nf6 5. O-O b5 6. Bb3 Bb7 7. d3 Bd6 8. a4
O-O 9. Nc3 b4 10. Nd5 Na5 11. Bg5 Nxb3 12. Bxf6 gxf6 13. cxb3 f5 14. Qd2 fxe4
15. dxe4 f5 16. Rfe1 Kh8 17. Rad1 Qe8 18. Qc2 Rc8 19. exf5 Qh5 20. Nxe5 Rxf5 21.
f4 Bxe5 22. Rxe5 Rxe5 23. fxe5 Qxe5 24. Qd2 c5 25. Qf4 Qxb2 26. Qf5 Bc6 27. g3
Re8 28. Qf3 Qe5 29. Qf7 a5 30. Qf3 d6 31. Qf7 Bxd5 32. Rxd5 Qe1+ 33. Kg2 Qe2+
34. Kg1 Qe6 35. Qf3 Qe1+ 36. Kg2 Qe2+ 37. Qxe2 Rxe2+ 38. Kf3 Rb2 39. Rd3 d5 40.
Rxd5 Rxb3+ 41. Ke4 Ra3 42. Kf5 c4 43. Rc5 Rc3 44. Rxa5 Rc1 45. Rb5 c3 46. Rb8+
Kg7 47. Rb7+ Kf8 48. Rb8+ Ke7 49. Rb7+ Kd6 50. Rxb4 Rf1+ 51. Kg5 c2 52. Rc4
c1=Q+ 53. Rxc1 Rxc1 54. Kh6 Rh1 55. h4 Rg1 56. Kxh7 Rxg3 57. h5 Ke6 58. h6 Kf6
59. a5 Ra3 0-1

[Event "9th Sunway Sitges 2022"]
[Site "Sitges ESP"]
[Date "2022.12.16"]
[Round "5.4"]
[White "Yu, Yangyi"]
[Black "Kollars, Dmitrij"]
[Result "1/2-1/2"]
[WhiteTitle "GM"]
[BlackTitle "GM"]
[WhiteElo "2728"]
[BlackElo "2610"]
[WhiteFideId "8603820"]
[BlackFideId "12909572"]
[EventDate "2022.12.12"]

1. d4 d5 2. c4 c6 3. Nf3 Nf6 4. e3 Bf5 5. Nc3 e6 6. Nh4 Bg6 7. Be2 Nbd7 8. O-O
Bd6 9. g3 O-O 10. Nxg6 hxg6 11. Qb3 Rb8 12. Rd1 Qe7 13. Bd2 a6 14. Qc2 dxc4 15.
Bxc4 b5 16. Bf1 c5 17. dxc5 Nxc5 18. Rac1 Rfc8 19. Ne2 Qf8 20. Qb1 Nce4 21. Be1
Bb4 22. Bg2 Bxe1 23. Bxe4 Ba5 24. Nd4 Bb6 25. Rxc8 Rxc8 26. Bb7 Rd8 27. Nf3 a5
28. Ba6 Qc5 29. Rxd8+ Bxd8 30. Qd3 Be7 31. Qxb5 Qc2 32. Kg2 Ng4 33. Qe2 Qc6 34.
Bb5 Qd5 35. Bc4 Qe4 36. Bd3 Qd5 37. Bc4 Qe4 38. Qd3 Qxf3+ 39. Kxf3 Ne5+ 40. Ke2
Nxd3 41. Kxd3 Kf8 42. a3 Ke8 43. Bb5+ Kd8 44. h4 g5 45. h5 Kc7 46. Kc4 f5 47.
Ba4 Bf6 48. b4 axb4 49. axb4 Kd6 50. Bd1 Bb2 51. g4 Be5 52. gxf5 exf5 53. Bc2 f4
54. Bd1 fxe3 55. fxe3 Bg3 56. Bf3 Bf2 57. Kd4 Be1 58. b5 Ba5 59. Bd5 Bb6+ 60.
Ke4 Ba7 61. Bc4 Bb6 62. Bd3 Ba7 63. Be2 Bb6 64. Bg4 Ba7 65. Bf5 Bb6 66. Kf3 Ke5
67. e4 Ba7 68. Kg4 Kf6 69. e5+ Kxe5 70. Kxg5 Kd6 71. Kg6 1/2-1/2

[Event "9th Sunway Sitges 2022"]
[Site "Sitges ESP"]
[Date "2022.12.16"]
[Round "5.5"]
[White "Van Foreest, Jorden"]
[Black "Aravindh, Chithambaram VR."]
[Result "1/2-1/2"]
[WhiteTitle "GM"]
[BlackTitle "GM"]
[WhiteElo "2690"]
[BlackElo "2607"]
[WhiteFideId "1039784"]
[BlackFideId "5072786"]
[EventDate "2022.12.12"]

1. e4 Nf6 2. e5 Nd5 3. d4 d6 4. c4 Nb6 5. f4 dxe5 6. fxe5 Nc6 7. Be3 Bf5 8. Nc3
e6 9. Nf3 Be7 10. Be2 O-O 11. O-O f6 12. exf6 Bxf6 13. Qd2 h6 14. Rad1 Qe8 15.
Kh1 Rd8 16. Qc1 Rf7 17. Rd2 Rfd7 18. Rfd1 Kh8 19. h3 Bg6 20. b3 Bf5 21. Bg1 Bg6
22. Bf1 Qf8 23. Be2 Qe8 24. Bf1 Qf8 25. Be2 Qe8 1/2-1/2